Основы тектоники и геодинамики: учебное пособие

Chi tiết về thư mục
Tác giả chính: Добрецов Н. Л. Николай Леонтьевич
Nhiều tác giả của công ty: Новосибирский государственный университет (НГУ), Российская академия наук (РАН) Сибирское отделение (СО) Институт геологии и минералогии
Tóm tắt:Пособие представляет обобщение курсов лекций по тектонике и геодинамике. В нем показаны связи глубинного строения, состава, структуры и взаимодействия всех геосфер Земли как отражение геодинамических процессов, обусловленных передачей энергии и вещества от ядра к внешним оболочкам. На современном научном уровне описаны основные тектонические элементы строения дна Мирового океана, островных дуг, складчатых поясов и платформ. В отличие от сходных учебников по тектонике (с элементами геодинамики) большое внимание уделено геодинамическим моделям, экспериментальному и теоретическому моделированию, что позволило понять происхождение основных структур и эволюцию Земли. На основе моделирования конвекции верхней мантии определены режимы в срединно-океанических хребтах и неизбежность формирования трансформных разломов, режим плавления в зонах субдукции, особенности сейсмичности, причина выведения на поверхность высокобарических метаморфических пород. Показано широкое участие термохимических плюмов в тектонических процессах, сложное взаимодействие плюмов с корой и литосферной мантией с образованием разнообразных вулканоплутонических ассоциаций и масштабного оруденения. Книга предназначена студентам старших курсов геолого-геофизического факультета НГУ и может быть широко использована преподавателями и аспирантами НГУ и других вузов.
Ngôn ngữ:Tiếng Nga
Được phát hành: Новосибирск, Изд-во НГТУ, 2011
Những chủ đề:
Định dạng: Sách
KOHA link:https://koha.lib.tpu.ru/cgi-bin/koha/opac-detail.pl?biblionumber=233750

MARC

LEADER 00000nam0a2200000 4500
001 233750
005 20231101231252.0
010 |a 9785943569906 
035 |a (RuTPU)RU\TPU\book\254831 
090 |a 233750 
100 |a 20130311d2011 m y0rusy50 ca 
101 0 |a rus 
102 |a RU 
105 |a a j 001zy 
200 1 |a Основы тектоники и геодинамики  |e учебное пособие  |f Н. Л. Добрецов  |g Новосибирский государственный университет (НГУ) ; Российская академия наук (РАН), Сибирское отделение (СО), Институт геологии и минералогии 
210 |a Новосибирск  |c Изд-во НГТУ  |d 2011 
215 |a 492 с.  |c ил. 
320 |a Библиогр.: с. 480-482. 
320 |a Предметный указатель: с. 483-488. 
330 |a Пособие представляет обобщение курсов лекций по тектонике и геодинамике. В нем показаны связи глубинного строения, состава, структуры и взаимодействия всех геосфер Земли как отражение геодинамических процессов, обусловленных передачей энергии и вещества от ядра к внешним оболочкам. На современном научном уровне описаны основные тектонические элементы строения дна Мирового океана, островных дуг, складчатых поясов и платформ. В отличие от сходных учебников по тектонике (с элементами геодинамики) большое внимание уделено геодинамическим моделям, экспериментальному и теоретическому моделированию, что позволило понять происхождение основных структур и эволюцию Земли. На основе моделирования конвекции верхней мантии определены режимы в срединно-океанических хребтах и неизбежность формирования трансформных разломов, режим плавления в зонах субдукции, особенности сейсмичности, причина выведения на поверхность высокобарических метаморфических пород. Показано широкое участие термохимических плюмов в тектонических процессах, сложное взаимодействие плюмов с корой и литосферной мантией с образованием разнообразных вулканоплутонических ассоциаций и масштабного оруденения. Книга предназначена студентам старших курсов геолого-геофизического факультета НГУ и может быть широко использована преподавателями и аспирантами НГУ и других вузов. 
606 1 |a Геодинамика  |x (геология)  |2 stltpush  |3 (RuTPU)RU\TPU\subj\6028  |9 33993 
606 1 |a Тектоника  |2 stltpush  |3 (RuTPU)RU\TPU\subj\58770  |9 76521 
610 1 |a Земля 
610 1 |a тектонические исследования 
610 1 |a геодинамические исследования 
610 1 |a плиты 
610 1 |a океаны 
610 1 |a континенты 
610 1 |a тектоническое районирование 
610 1 |a геодинамическое моделирование 
610 1 |a спрединг 
610 1 |a рифтообразование 
610 1 |a субдукция 
610 1 |a коллизия 
610 1 |a мантийные термохимические плюмы 
610 1 |a эволюция 
610 1 |a учебные пособия 
675 |a 551.2/.3(075.8)  |v 3 
675 |a 551.24(075.8)  |v 3 
700 1 |a Добрецов  |b Н. Л.  |g Николай Леонтьевич 
712 0 2 |a Новосибирский государственный университет (НГУ)  |2 stltpush  |3 (RuTPU)RU\TPU\col\721 
712 0 2 |a Российская академия наук (РАН)  |b Сибирское отделение (СО)  |b Институт геологии и минералогии  |2 stltpush  |3 (RuTPU)RU\TPU\col\11925 
801 1 |a RU  |b 63413507  |c 20130311 
801 2 |a RU  |b 63413507  |c 20150522  |g RCR 
900 |a Инженерная геодинамика 
942 |c BK 
951 |b 020700